ระบบห้องสมุดอัตโนมัติ ULibM
วิทยาลัยพยาบาลบรมราชชนนี พระพุทธบาท
เปลี่ยนเป็นภาษาไทย

Change to English
 แสดงรายละเอียดบรรณานุกรม
  กลับหน้าหลัก

Brief Record : Get Marc (ISO 2709) : E-mail record : QR code ปิดหน้าต่าง
สารบัญ Review โดย ไม่พบชื่อเจ้าหน้าที่ห้องสมุด new เมื่อ3/กรกฎาคม/2563
Chapter 1 A&E Patient Initial Assessment
                การประเมินผู้ป่วยแรกรับจากอุบัติเหตุและฉุกเฉิน
Chapter 2 Allergy
                ภูมิแพ้
Chapter 3 Blood Tests
                การตรวจเลือด
Chapter 4 Breaking Bad News
                การแจ้งข่าวร้าย
Chapter 5 Breaking Bad News over the Phone
                การแจ้งข่าวร้ายทางโทรศัพท์
Chapter 6 Causes of Death
                สาเหตุของการเสียชีวิต
Chapter 7 Confrmation of Death
                การยืนยันการเสียชีวิต
Chapter 8 Death Matters
                บริบทแห่งความตาย
Chapter 9 Discharge Prescription
                การสั่งยาช่วงจำหน่ายผู้ป่วย
Chapter 10 Faith at the End-of-Life
                  ความศรัทธาช่วงระยะสุดท้ายของชีวิต
Chapter 11 Hospital Admission by Doctor
                  การรับเป็นผู้ป่วยในโดยแพทย์
Chapter 12 Hospital Discharge
                  การจำหน่ายผู้ป่วยออกจากโรงพยาบาล
Chapter 13 Hospital Information
                  ข้อมูลโรงพยาบาล
Chapter 14 Informed Consent
                  ความยินยอมที่ได้รับการบอกกล่าว
Chapter 15 Medication
                  การให้ยา
Chapter 16 Medication at Discharge
                  การให้ยาช่วงจำหน่ายผู้ป่วย
Chapter 17 Nursing Assessment
                 การประเมินทางการพยาบาล
Chapter 18 Nursing Rounds
                  การตรวจเยี่ยมผู้ป่วยเพื่อทบทวนการพยาบาล
Chapter 19 Pain Scale
                  ระดับความปวด
Chapter 20 Palliative Care
                  การดูแลแบบประดับประคอง
Chapter 21 Patient Admission
                  การรับผู้ป่วย
Chapter 22 Questions before Surgery
                  คำถามก่อนการผ่าตัด

E-books : เกี่ยวกับ Collections
LEADER 00000nam 2200000uu 4500
001    13399129428
003     ULIBM
008    020711s2562 th a 000 0 tha d
020    9786164789678
060    PE1116 ท637ภ 2562
100    บรรณาธิการ, อรฤดี เสมาเงิน
245    Clinical English ภาษาอังกฤษทางคลินิก แพทย์ & พยาบาล
250    พิมพ์ครั้งที่ 1
260    กรุงเทพฯ :^bสำนักพิมพ์จุฬาลงกรณ์มหาวิทยาลัย,^c2562
300    303 หน้า ;^c21 ซม.
999    ^aนางสาวณิชาพร เกตุศีระ
รายการนี้ยังไม่มีแท็ก
คุณยังไม่ได้ล็อกอิน คุณสามารถมีกิจกรรมร่วมกับเว็บไซต์ได้ แต่ต้องล็อกอินก่อน ::
  ล็อกอิน
ลำดับที่ ประเภท เลขเรียก สถานที่ สถานะ
1.
PE1116 ท637ภ 2562 c.1 
  
วิทยาลัยพยาบาลบรมราชชนนี พระพุทธบาท
►หนังสือทั่วไป
On Shelf
2.
PE1116 ท637ภ 2562 c.2 
  
วิทยาลัยพยาบาลบรมราชชนนี พระพุทธบาท
►หนังสือทั่วไป
On Shelf
3.
PE1116 ท637ภ 2562 c.3 
  
วิทยาลัยพยาบาลบรมราชชนนี พระพุทธบาท
►หนังสือทั่วไป
On Shelf
4.
PE1116 ท637ภ 2562 c.4 
  
วิทยาลัยพยาบาลบรมราชชนนี พระพุทธบาท
►หนังสือทั่วไป
On Shelf
5.
PE1116 ท637ภ 2562 c.5 
  
วิทยาลัยพยาบาลบรมราชชนนี พระพุทธบาท
►หนังสือทั่วไป
On Shelf
   [แสดง 5/5 รายการ]

Bib 13399129428